A Study On Succession And Cooperative Approaches In Problem-Solving Processes In Kampong Pou Commune, Krakor District, Pursat Province,សិក្សាអំពីសន្តតិកម្ម និងប្រទានកម្ម ក្នុងដំណើរការចុះបញ្ចីដីធ្លីមានលក្ខណៈជាប្រព័ន្ធ នៅឃុំកំពង់ពោធិ៍ ស្រុកក្រគរ ខេត្តពោធិ៍សាត់ (Record no. 25341)

000 -LEADER
fixed length control field 00769nam a22001217a 4500
040 ## - CATALOGING SOURCE
Transcribing agency RUA
082 ## - DEWEY DECIMAL CLASSIFICATION NUMBER
Classification number LMA MEY 2024 B701 Or.1
100 ## - MAIN ENTRY--AUTHOR NAME
Personal name MEY SAVDY, ម៉ី សាវឌី
245 ## - TITLE STATEMENT
Title A Study On Succession And Cooperative Approaches In Problem-Solving Processes In Kampong Pou Commune, Krakor District, Pursat Province,សិក្សាអំពីសន្តតិកម្ម និងប្រទានកម្ម ក្នុងដំណើរការចុះបញ្ចីដីធ្លីមានលក្ខណៈជាប្រព័ន្ធ នៅឃុំកំពង់ពោធិ៍ ស្រុកក្រគរ ខេត្តពោធិ៍សាត់
260 ## - PUBLICATION, DISTRIBUTION, ETC. (IMPRINT)
Place of publication PHNOM PENH
Name of publisher RUA
Year of publication 2024
300 ## - PHYSICAL DESCRIPTION
Number of Pages xi,
Other physical details ill,
Dimensions 29cm,
942 ## - ADDED ENTRY ELEMENTS (KOHA)
Koha item type LMA
952 ## - LOCATION AND ITEM INFORMATION (KOHA)
Withdrawn status [LOCAL, KOHA] 0
952 ## - LOCATION AND ITEM INFORMATION (KOHA)
Withdrawn status [LOCAL, KOHA] 0
Holdings
Permanent Location Date acquired Koha item type Lost status Shelving location Barcode Current Location Full call number
Library Block B2025-06-23LMA B701A083932Library Block BLMA MEY 2024 B701 Or.1
Library Block B2025-06-23LMA B701A084529Library Block BLMA MEY 2024 B701 Or.2
មជ្ឈមណ្ឌលឯការនៃសាកលវិទ្យាល័យភូមិន្ទកសិកម្មចំការដូង

Powered by Koha